| 000 | 00480cam a22001571 4500 | ||
|---|---|---|---|
| 082 |
_a620.1 _bLAN _cL-5, P-51 |
||
| 100 | 1 |
_aLanghaar, Henry L. _940660 |
|
| 245 | 1 | 0 |
_aEngineering mechanics _c[by] H.L. Langhaar [and] A.P. Boresi. |
| 260 |
_aNew York, _bMcGraw-Hill, _c1959. |
||
| 300 |
_a705 p. _billus. _c24 cm. |
||
| 526 |
_a0 _b0 _c0 _d620_100000000000000_LAN |
||
| 650 | 0 |
_aMCE _9379 |
|
| 650 | 0 |
_aMechanics, Applied. _913090 |
|
| 700 | 1 |
_aBoresi, Arthur P. _9562 |
|
| 942 |
_2ddc _cBK |
||
| 999 |
_c544913 _d544913 |
||